| 000 | 00648nam a22001817a 4500 | ||
|---|---|---|---|
| 005 | 20251108165319.0 | ||
| 008 | 250721s1988 xx 000 0 ara d | ||
| 082 | 1 | 4 | _a633.4/سمي |
| 100 | 1 | _aسميث، اورا | |
| 245 | 1 | 0 |
_aالبطاطا : _bإنتاجها - خزنها - و تصنيعها / |
| 264 | 1 |
_aبغداد : _bوزارة التعليم العالي و البحث العلمي - جامعة صلاح الدين، _c1988. |
|
| 300 | _a2ج | ||
| 650 | 1 | 7 | _aالبطاطا |
| 700 | 1 |
_aعبدول، كريم صالح _eترجمة |
|
| 700 | 1 |
_aصالح، مصلح محمد سعيد _eترجمة |
|
| 942 |
_2ddc _cBK |
||
| 999 |
_c24850 _d24850 |
||